000 00970 a2200193 4500
001 59552
005 20260407155849.0
008 260407a1965 arg spa d
003 AR-UNSa-BCEJYS
040 _aAR-UNSa-BCEJYS
_bspa
_cAR-UNSa-BCEJYS
080 _a327
_xRelaciones internacionales. Política internacional. Asuntos internacionales. Política exterior
245 1 0 _aDialèctica del desarrollo
264 1 _aMéxico :
_bFondo de Cultura Económica
_c1965
300 _a158 p.
_c21 cm.
505 _a1. Reencuentro de la dialéctica - 2. El desarrollo económico en el proceso de cambio cultural - 3. Las luchas de clases en el desarrollo de las instituciones políticas - 4. Las ideologías de clase en la lucha por el poder - 5. Dialéctica del desarrollo capitalista - 6. Proyecciones políticas del subdesarrollo - 7. La economía del Brasil visión de conjunto -
942 _cBK
590 _aniveau_biblio:m niveau_hierar:0
100 1 _aFurtado, Celso
999 _c6732
_d6732